Terraria Weapons Quiz - Statistics

General Stats
  • This quiz has been taken 470 times
  • The average score is 10 of 15
Answer Stats
Hint Answer % Correct
Melee weapon found in shrines generated around the world. Shoots a beam. Enchanted Sword
84%
Melee weapon found in Underground Snow, casts a blue beam when swung. Ice Blade
81%
Ranged weapon found in the Underground Jungle, fires a spread of bullets. Boomstick
80%
Unique melee weapon that allows the user to fall slowly when held. Umbrella
79%
Explosive weapon obtained either by surface chests or buying them from the Demolitionist. Grenade
78%
Magic weapon that spawns a cloud which rains on enemies. Dropped by Angry Nimbus. Nimbus Rod
76%
Melee weapon dropped by the Martian Saucer. Arguably better than the Terra Blade. Influx Waver
73%
An upgrade of the Shotgun, a powerful endgame weapon. Onyx Blaster
71%
Spellbook dropped by Duke Fishron. Razorblade Typhoon
71%
A ranged weapon found in surface chests. Allows the user to collect seeds. Blowpipe
70%
Dropped by Mothron, this YoYo shares a name with a boss. Eye of Cthulhu
70%
Ranged weapon that is rarely dropped by the Pirate Captain. Coin Gun
69%
Very powerful pre-hardmode mace found in the shadow chests of the Underworld. Sunfury
65%
Great early-hardmode magic weapon. Obtained by fishing in the Hallow. Crystal Serpent
58%
Arguably the most useless weapon in the game. Pearlwood Sword
25%
No matching quizzes found
Score Distribution
Percent of People with Each Score
Percentile by Number Answered
Your Score History
You have not taken this quiz